| 000 | 01164cab a2200289 4500 | ||
|---|---|---|---|
| 001 | ABS57296 | ||
| 008 | 090401t1997 xxu||||| |||| 00| 0 eng d | ||
| 035 | _a(Sirsi) u79926 | ||
| 041 | _aeng | ||
| 100 | _aHall, S. | ||
| 245 | _aUrbanisation in England: projections 1991-2016 | ||
| 260 | _c1997 | ||
| 350 | _a0 | ||
| 490 |
_aBURISA _v(128) June 1997, 9-11(3) |
||
| 520 | _aOutlines findings and methodology of the DoE funded study of the urbanisation effects of the DoE 1992-based household projections. Describes the application of the `standardised land requirement` approach. Finds that housing amounts to seven tenths of land in urban uses and that 50% of development is on recycled land, and that between 1991 and 2016 1.3% of England`s areas could be converted from rural to urban uses. (Taken from article abstract). | ||
| 650 | _aHOUSEHOLD PROJECTIONS | ||
| 650 |
_aLand use _96251 |
||
| 650 | _aNEW HOMES | ||
| 650 | _aPLANNING CONTROL | ||
| 650 | _aRECYCLED LAND | ||
| 650 | _aRURAL AREAS | ||
| 650 | _aSTANDARDISED LAND REQUIRMENT | ||
| 650 | _aURBANISATION | ||
| 690 | _aHOUSING-DEVELOPMENT | ||
| 942 | _n0 | ||
| 948 | _c28/07/1997 | ||
| 999 |
_c50302 _d50302 |
||